| 000 | 00741cam a22002655i 4500 | ||
|---|---|---|---|
| 001 | 18322213 | ||
| 003 | SISC | ||
| 005 | 20161108124313.0 | ||
| 008 | 141001s2014 mau 000 0 eng | ||
| 010 | _a 2014952932 | ||
| 020 | _a9780128007617 | ||
| 040 |
_aDLC _beng _erda _cDLC |
||
| 042 | _apcc | ||
| 050 |
_aQA 76.9 _b.C392 2015 |
||
| 100 | 1 | _aCelko, Joe. | |
| 245 | 1 | 0 |
_aJoe celko's sql for smarties : _badvanced sql programming / _cJoe Celko. |
| 250 | _a5th edition. | ||
| 260 |
_aAmsterdam : _bElsevier, _c2015. |
||
| 263 | _a1412 | ||
| 300 |
_axvi, 834 pages : _billustrations ; _c23 cm. |
||
| 500 | _aIncludes index. | ||
| 906 |
_a0 _bibc _corignew _d2 _eepcn _f20 _gy-gencatlg |
||
| 942 |
_2lcc _cBK |
||
| 999 |
_c305184 _d305184 |
||